| 000 | 01263cam a22003613a 4500 | ||
|---|---|---|---|
| 001 | 4220 | ||
| 003 | FISKH | ||
| 005 | 20250704084904.0 | ||
| 008 | 120310s1991 nyua j 000 1 eng d | ||
| 010 | _a 2012379606 | ||
| 020 | _a9780590440615 (pbk.) | ||
| 020 | _a0590440616 (pbk.) | ||
| 035 | _a(OCoLC)ocn173684984 | ||
| 040 |
_aIFA _cIFA _dJAG _dDLC _beng |
||
| 050 | _aPZ7.D128 | ||
| 082 | _a236 | ||
| 100 | 1 | _aDadey, Debbie. | |
| 245 | 1 | 0 |
_aWerewolves don't go to summer camp / _cby Debbie Dadey and Marcia Thornton Jones ; illustrated by John Steven Gurney. |
| 250 | _aThis edition first printing, July 2007 | ||
| 260 |
_aNew York : _bScholastic, _c1991. |
||
| 300 |
_a92 pages : _billustrations ; _c20 cm |
||
| 505 | _aN | ||
| 520 | _aMr. Jenkins' beard and bare feet have campers at Camp Lone Wolf wondering if he might be a werewolf who comes out at midnight for a snack. | ||
| 521 | 8 |
_a580
_bLexile |
|
| 521 | 8 |
_aN
_bRaz-Plus |
|
| 650 |
_aBailey School Kids _vFantasy _xMystery _yWerewolves |
||
| 655 | 7 |
_aChildren's stories. _2lcsh |
|
| 700 | 1 |
_aJones, Marcia Thornton. _eAuthor |
|
| 700 | 1 |
_aGurney, John, _eillustrator |
|
| 906 |
_a7 _bcbc _ccopycat _d2 _encip _f20 _gy-genrareb |
||
| 942 |
_2ddc _cBK _n0 |
||
| 999 |
_c4220 _d4220 |
||